000 00766nam a22002417a 4500
005 20110818141337.0
008 110818t xxu||||| |||| 00| 0 eng d
010 _aENG-103422
020 _a9788181579997
_c150.00
035 _aEN-86955
037 _bDBAD/PUB
040 _aDPL
_bEnglish
082 _a881
100 _932824
_aSyiem, Esther
245 _aOf follies and frailties of wit and wisdom /
_cby Esther Syiem
260 _aCalcutta
_bWriters Workshop
_c2010
270 _a162/92 Lake Gardens
_bCalcutta
_e700045
300 _a83p.
_c22cm (Hb)
650 _933042
700 _932825
942 _2ddc
_cEN
_h881
_mSYI
999 _c55609
_d55609